[Event "Olimpiada Calviá 2004"]
[Site "Calviá ESP"]
[Date "2004.10.19"]
[Round "5.51"]
[White "Lee, Cecil"]
[Black "Medina Colindres, Javier"]
[Result "0-1"]
[WhiteElo "2048"]
[BlackElo "2213"]
[PlyCount "96"]
[EventDate "2004.10.15"]
[EventType "team"]
[EventRounds "14"]
[EventCountry "ESP"]
[Source "lmi"]
[SourceDate "2004.10.27"]

1. c4 e5 2. Nc3 Nc6 3. Nf3 d6 4. d4 exd4 5. Nxd4 Bd7 6. e4 Nf6 7. Be2 Be7 8.
Be3 O-O 9. O-O Re8 10. f3 Ne5 11. Nd5 Nxd5 12. cxd5 c5 13. dxc6 bxc6 14. Qd2 d5
15. exd5 cxd5 16. Rfc1 Bf6 17. Nb5 Nc6 18. Bf1 Rxe3 19. Qxe3 a6 20. Rxc6 Bxc6
21. Nd4 Qb6 22. Rd1 Re8 23. Qf2 Bb7 24. b3 h6 25. g3 Be5 26. Kg2 Rc8 27. Nf5
Qxf2+ 28. Kxf2 Rc2+ 29. Be2 Rxa2 30. Ne7+ Kf8 31. Nxd5 a5 32. Kf1 Rb2 33. Nb6
Bc7 34. Nd7+ Ke7 35. Nc5 Bc8 36. Rc1 Bd6 37. Na4 Bh3+ 38. Kf2 Rxb3 39. Nc5 Rb2
40. Nd3 Ra2 41. Rb1 Bc8 42. Rb2 Ra1 43. Rc2 Be6 44. Nc5 Bxc5+ 45. Rxc5 a4 46.
Ke3 a3 47. Ra5 a2 48. Ra7+ Kf6 0-1

[Event "Olimpiada Calviá 2004"]
[Site "Calviá ESP"]
[Date "2004.10.19"]
[Round "5.51"]
[White "Urbina, Ricardo"]
[Black "Cave, Christo"]
[Result "1-0"]
[WhiteElo "2247"]
[BlackElo "2276"]
[PlyCount "85"]
[EventDate "2004.10.15"]
[EventType "team"]
[EventRounds "14"]
[EventCountry "ESP"]
[Source "lmi"]
[SourceDate "2004.10.27"]

1. e4 e6 2. d4 d5 3. Nc3 Nf6 4. e5 Nfd7 5. f4 c5 6. dxc5 Bxc5 7. Qg4 g6 8. Nf3
Qb6 9. Bd3 Nc6 10. Bd2 Nb4 11. Ke2 Nxd3 12. cxd3 Qa6 13. a4 Qb6 14. b4 Be7 15.
Rhc1 a6 16. Rab1 Qd8 17. Be3 Nb8 18. Nxd5 Qxd5 19. Rxc8+ Bd8 20. Rbc1 O-O 21.
Bc5 Re8 22. Bd6 b5 23. Rxb8 Rxb8 24. Bxb8 bxa4 25. Bd6 a3 26. Nd2 a2 27. Ra1
Bb6 28. Qf3 Qd4 29. Rxa2 Rc8 30. Rxa6 Kg7 31. Ra8 Rxa8 32. Qxa8 Qe3+ 33. Kd1
Kh6 34. Bf8+ Kh5 35. Qf3+ Qxf3+ 36. Nxf3 Kg4 37. Bc5 Bc7 38. b5 Kxf4 39. b6
Bxb6 40. Bxb6 g5 41. Bd4 h5 42. Ke2 h4 43. Be3+ 1-0

[Event "Olimpiada Calviá 2004"]
[Site "Calviá ESP"]
[Date "2004.10.19"]
[Round "5.51"]
[White "Merritt, Mario"]
[Black "Huguet, Sergio"]
[Result "1/2-1/2"]
[WhiteElo "2079"]
[BlackElo "2141"]
[PlyCount "121"]
[EventDate "2004.10.15"]
[EventType "team"]
[EventRounds "14"]
[EventCountry "ESP"]
[Source "lmi"]
[SourceDate "2004.10.27"]

1. c4 Nf6 2. Nc3 d5 3. cxd5 Nxd5 4. g3 Nxc3 5. bxc3 g6 6. Bg2 Bg7 7. Rb1 c6 8.
Nf3 Nd7 9. O-O Qa5 10. Qc2 Nb6 11. c4 O-O 12. d3 Re8 13. Bd2 Qh5 14. a4 Rb8 15.
a5 Nd7 16. Bc3 Bxc3 17. Qxc3 Nf6 18. Qe5 Bg4 19. Qxh5 Bxh5 20. h3 Bxf3 21. Bxf3
Rec8 22. Rb2 b5 23. axb6 axb6 24. Rfb1 Nd7 25. Ra2 Rc7 26. Kf1 Kf8 27. Rba1 e6
28. Ra7 Rxa7 29. Rxa7 Ne5 30. Bg2 g5 31. f4 gxf4 32. gxf4 Ng6 33. f5 Ne7 34.
fxe6 fxe6 35. Ke1 c5 36. Be4 h6 37. Kf2 Kf7 38. Kf3 Kf6 39. Kf4 b5 40. cxb5
Rxb5 41. Rc7 Nd5+ 42. Bxd5 exd5 43. Rc6+ Kg7 44. e4 dxe4 45. dxe4 Rb3 46. h4
Rh3 47. Rxc5 Rxh4+ 48. Ke5 Rh5+ 49. Kd6 Rxc5 50. Kxc5 h5 51. Kd6 h4 52. e5 h3
53. e6 h2 54. e7 h1=Q 55. e8=Q Qd1+ 56. Kc7 Qc2+ 57. Kb7 Qb3+ 58. Kc8 Qc4+ 59.
Kd8 Qd5+ 60. Qd7+ Qxd7+ 61. Kxd7 1/2-1/2

[Event "Olimpiada Calviá 2004"]
[Site "Calviá ESP"]
[Date "2004.10.19"]
[Round "5.52"]
[White "Silveirinha, Jose Antonio C"]
[Black "Mueller, Leonhard"]
[Result "1/2-1/2"]
[WhiteElo "2146"]
[BlackElo "2213"]
[PlyCount "111"]
[EventDate "2004.10.15"]
[EventType "team"]
[EventRounds "14"]
[EventCountry "ESP"]
[Source "lmi"]
[SourceDate "2004.10.27"]

1. Nf3 Nf6 2. d4 g6 3. c4 Bg7 4. Nc3 O-O 5. e4 d6 6. Bg5 Nbd7 7. Qd2 a6 8. Bh6
e5 9. O-O-O Re8 10. Bxg7 Kxg7 11. h4 h5 12. Ng5 c6 13. f4 Qe7 14. Be2 b5 15.
Bf3 Nb6 16. c5 Nc4 17. cxd6 Nxd2 18. dxe7 Nxf3 19. fxe5 Nxg5 20. exf6+ Kxf6 21.
Rhf1+ Kg7 22. hxg5 Bg4 23. Rd2 Rxe7 24. e5 c5 25. Nd5 Rea7 26. dxc5 Rc8 27. Rc2
Bf5 28. Rc3 a5 29. Rxf5 gxf5 30. c6 Kf8 31. Kc2 Ra6 32. c7 Re6 33. Kd3 h4 34.
Kd4 b4 35. Rc5 Ra6 36. Kc4 Re6 37. Nf6 Re7 38. Nd5 Rxe5 39. Kd4 Re4+ 40. Kd3
Re6 41. Rxa5 Re5 42. Kd4 Rxd5+ 43. Rxd5 Rxc7 44. Rxf5 Rc2 45. g6 Rxg2 46. Rxf7+
Kg8 47. a4 bxa3 48. bxa3 Rxg6 49. Rf4 Ra6 50. Rf3 Ra4+ 51. Kc5 Rg4 52. Rf5 Ra4
53. Rf3 Rg4 54. Rf2 Ra4 55. Ra2 h3 56. Kb5 1/2-1/2

[Event "Olimpiada Calviá 2004"]
[Site "Calviá ESP"]
[Date "2004.10.19"]
[Round "5.52"]
[White "Nakapunda, Otto"]
[Black "Ho, Cheng-Fai"]
[Result "0-1"]
[WhiteElo "2129"]
[BlackElo "2035"]
[PlyCount "72"]
[EventDate "2004.10.15"]
[EventType "team"]
[EventRounds "14"]
[EventCountry "ESP"]
[Source "lmi"]
[SourceDate "2004.10.27"]

1. d4 Nf6 2. c4 g6 3. Nc3 Bg7 4. e4 d6 5. Nf3 O-O 6. Be3 c6 7. Qd2 Qa5 8. Be2
Ng4 9. Bg5 f6 10. Bh4 e5 11. h3 Nh6 12. g4 Nf7 13. Bg3 a6 14. d5 Nd7 15. Nh4
Nc5 16. O-O Qb6 17. Ng2 Ng5 18. Qc2 Nxh3+ 19. Kh2 Ng5 20. Ne3 a5 21. Rfd1 Nf7
22. Bh4 Bd7 23. Rab1 Qd8 24. Na4 Nxa4 25. Qxa4 cxd5 26. Qb3 d4 27. Nd5 Bc6 28.
Rdc1 Bxd5 29. cxd5 Bh6 30. Rc2 Bf4+ 31. Bg3 Bxg3+ 32. Kxg3 Ng5 33. f3 Rf7 34.
Rbc1 f5 35. Rc4 fxg4 36. fxg4 Nxe4+ 0-1

[Event "Olimpiada Calviá 2004"]
[Site "Calviá ESP"]
[Date "2004.10.19"]
[Round "5.52"]
[White "Calangi, Zachary Alexander"]
[Black "Kirsten, Jorrit"]
[Result "1-0"]
[WhiteElo "2142"]
[BlackElo "2200"]
[PlyCount "79"]
[EventDate "2004.10.15"]
[EventType "team"]
[EventRounds "14"]
[EventCountry "ESP"]
[Source "lmi"]
[SourceDate "2004.10.27"]

1. e4 e6 2. d4 d5 3. Nc3 Nf6 4. e5 Nfd7 5. Nf3 c5 6. Bb5 Nc6 7. O-O Be7 8. Ne2
Qb6 9. Ba4 cxd4 10. Bxc6 bxc6 11. Nexd4 Ba6 12. Re1 O-O 13. c3 c5 14. Nc2 f6
15. exf6 Bxf6 16. a4 Qd6 17. Bg5 e5 18. b4 Bb7 19. Qd2 Rae8 20. Bxf6 Nxf6 21.
Ng5 h6 22. Ne4 Nxe4 23. Rxe4 Qg6 24. Re3 d4 25. Rg3 Qf6 26. bxc5 Rd8 27. cxd4
exd4 28. Rd1 d3 29. Ne3 Rd4 30. Ng4 Qe6 31. Re1 Qc4 32. Rc1 Qxa4 33. h3 Kh7 34.
Rxd3 Qc6 35. Ne3 Rdf4 36. f3 R8f7 37. Rd6 Qa4 38. Qd3+ g6 39. Qxg6+ Kh8 40.
Qxh6+ 1-0

[Event "Olimpiada Calviá 2004"]
[Site "Calviá ESP"]
[Date "2004.10.19"]
[Round "5.53"]
[White "Press, Shaun"]
[Black "Mukabi, John"]
[Result "1/2-1/2"]
[WhiteElo "2070"]
[BlackElo "2105"]
[PlyCount "66"]
[EventDate "2004.10.15"]
[EventType "team"]
[EventRounds "14"]
[EventCountry "ESP"]
[Source "lmi"]
[SourceDate "2004.10.27"]

1. d4 Nf6 2. c4 d5 3. cxd5 Nxd5 4. Nf3 g6 5. e4 Nb6 6. Nc3 Bg7 7. h3 c6 8. Be2
Be6 9. O-O Bc4 10. Bxc4 Nxc4 11. Qe2 Nb6 12. Rd1 O-O 13. a4 a5 14. Bf4 Na6 15.
Rac1 Nb4 16. b3 e6 17. Qe3 Re8 18. Bg5 f6 19. Bh4 g5 20. Bg3 h6 21. Qd2 Rc8 22.
Na2 Nxa2 23. Qxa2 f5 24. exf5 exf5 25. Be5 Nd5 26. Qc2 Qd7 27. Bxg7 Kxg7 28.
Ne5 Qe6 29. Re1 Qf6 30. Nd7 Qf7 31. Ne5 Qf6 32. Nd7 Qf7 33. Ne5 Qf6 1/2-1/2

[Event "Olimpiada Calviá 2004"]
[Site "Calviá ESP"]
[Date "2004.10.19"]
[Round "5.54"]
[White "Bibby, Simon"]
[Black "Chau, Sau Ming"]
[Result "1-0"]
[WhiteElo "2229"]
[BlackElo "2230"]
[PlyCount "85"]
[EventDate "2004.10.15"]
[EventType "team"]
[EventRounds "14"]
[EventCountry "ESP"]
[Source "lmi"]
[SourceDate "2004.10.27"]

1. e4 e6 2. d3 d5 3. Nd2 c5 4. g3 dxe4 5. dxe4 Nc6 6. Bg2 Qc7 7. Nc4 b5 8. Ne3
Bb7 9. Nf3 Rd8 10. Nd2 Nf6 11. O-O Be7 12. g4 Qf4 13. Qf3 Bd6 14. Qxf4 Bxf4 15.
Nb3 Nd7 16. a4 a6 17. axb5 axb5 18. Nd5 Bxc1 19. Nc7+ Ke7 20. Rfxc1 b4 21. f4
Rc8 22. Na6 c4 23. Nbc5 Bxa6 24. Nxa6 e5 25. f5 f6 26. c3 b3 27. Bf1 Nb6 28.
Nc5 Ra8 29. Kf2 Rhc8 30. Ke3 Nd8 31. Na6 Nf7 32. Ra3 Rd8 33. Rca1 Nd6 34. Ra5
Rdc8 35. Be2 Kf7 36. h4 h6 37. R1a3 Ke7 38. Ra1 Nf7 39. Nb4 Rxa5 40. Rxa5 Ra8
41. Rxa8 Nxa8 42. Nc6+ Kd7 43. Bxc4 1-0

[Event "Olimpiada Calviá 2004"]
[Site "Calviá ESP"]
[Date "2004.10.19"]
[Round "5.54"]
[White "Chong, Chor Yuen"]
[Black "Nanjo, Ryosuke"]
[Result "1-0"]
[WhiteElo "2146"]
[BlackElo "2154"]
[PlyCount "107"]
[EventDate "2004.10.15"]
[EventType "team"]
[EventRounds "14"]
[EventCountry "ESP"]
[Source "lmi"]
[SourceDate "2004.10.27"]

1. e4 c5 2. Nf3 Nc6 3. d4 cxd4 4. Nxd4 g6 5. c4 Nf6 6. Nc3 d6 7. Be2 Nxd4 8.
Qxd4 Bg7 9. Be3 O-O 10. Qd2 Be6 11. O-O Qa5 12. f3 Rfc8 13. b3 Nd7 14. Bd4 a6
15. Bxg7 Kxg7 16. Qd4+ Kg8 17. f4 f6 18. Rac1 Qc5 19. Qxc5 Rxc5 20. Nd5 Bxd5
21. exd5 Rc7 22. h4 a5 23. h5 b6 24. hxg6 hxg6 25. Bd3 Kf7 26. Rf3 Rg8 27. Rh3
Nc5 28. Bc2 g5 29. Rh7+ Kf8 30. Bf5 gxf4 31. Rf1 Rb7 32. Rxf4 b5 33. cxb5 Rxb5
34. Rc4 Rg7 35. Rh3 Rg5 36. g4 Rg8 37. Kf2 Ke8 38. a3 Rb8 39. b4 axb4 40. axb4
Na4 41. Rc7 Nb6 42. Be6 Rf8 43. Rh7 Kd8 44. Rcxe7 Ra8 45. Rb7 Nc8 46. Rhd7+ Ke8
47. Bf7+ Rxf7 48. Rxf7 Ra2+ 49. Kg3 Re2 50. Rxf6 Re5 51. Rb8 Kd7 52. Rf7+ Ne7
53. Rb7+ Ke8 54. Rfxe7+ 1-0

[Event "Olimpiada Calviá 2004"]
[Site "Calviá ESP"]
[Date "2004.10.19"]
[Round "5.54"]
[White "Kato, Takeshi"]
[Black "Corke, Anya"]
[Result "0-1"]
[WhiteElo "2045"]
[BlackElo "2041"]
[PlyCount "133"]
[EventDate "2004.10.15"]
[EventType "team"]
[EventRounds "14"]
[EventCountry "ESP"]
[Source "lmi"]
[SourceDate "2004.10.27"]

1. e4 c5 2. Nf3 e6 3. c3 d5 4. e5 d4 5. cxd4 cxd4 6. Bb5+ Bd7 7. Nxd4 Bxb5 8.
Nxb5 a6 9. N5c3 Nc6 10. O-O Qd4 11. Ne2 Qxe5 12. d4 Qc7 13. Nbc3 Nf6 14. Bg5
Be7 15. Rc1 Qa5 16. Bxf6 Bxf6 17. d5 O-O-O 18. d6 Qe5 19. Qa4 Qxd6 20. Ne4 Qc7
21. Rxc6 Qxc6 22. Rc1 Qxc1+ 23. Nxc1 Rd4 24. Qc2+ Kb8 25. Nc3 Rhd8 26. Nb3 R4d6
27. g3 h6 28. Kg2 Ka8 29. Ne4 Rc6 30. Qe2 Be5 31. Qf3 f5 32. Nc3 Bf6 33. Na5
Rc7 34. Qe3 Rd6 35. Qf4 Rcd7 36. Qc4 Kb8 37. Ne2 Rd2 38. Kf3 Rc7 39. Qxe6 Re7
40. Qg8+ Ka7 41. Nc3 Bxc3 42. bxc3 Ree2 43. Qxg7 Rxf2+ 44. Ke3 Rde2+ 45. Kd3
Rb2 46. Nxb7 Rfd2+ 47. Kc4 Rxb7 48. Qxh6 Rc7+ 49. Kb3 Rb7+ 50. Ka3 Rd5 51. Qe3+
Ka8 52. Ka4 Rdb5 53. h4 Rb2 54. a3 Rc7 55. Qf3+ Ka7 56. Qxf5 Rc4+ 57. Ka5 Rb5+
58. Qxb5 axb5 59. Kxb5 Rg4 60. c4 Rxg3 61. a4 Rh3 62. c5 Rxh4 63. Ka5 Rh6 64.
Kb5 Kb7 65. a5 Ra6 66. Ka4 Kc6 67. Kb4 0-1

[Event "Olimpiada Calviá 2004"]
[Site "Calviá ESP"]
[Date "2004.10.19"]
[Round "5.55"]
[White "Pace, Colin"]
[Black "Matoewi, Roger"]
[Result "1-0"]
[WhiteElo "2145"]
[BlackElo "2195"]
[PlyCount "72"]
[EventDate "2004.10.15"]
[EventType "team"]
[EventRounds "14"]
[EventCountry "ESP"]
[Source "lmi"]
[SourceDate "2004.10.27"]

1. e4 d6 2. d4 Nf6 3. Nc3 g6 4. Nf3 Bg7 5. Be2 O-O 6. O-O c6 7. Bf4 Bg4 8. Re1
Nbd7 9. h3 Bxf3 10. Bxf3 e5 11. Be3 Qc7 12. g3 Rfe8 13. Bg2 Nf8 14. Rc1 a6 15.
a4 Qa5 16. Qd3 Rad8 17. b4 Qc7 18. d5 N8d7 19. dxc6 Qxc6 20. Red1 Rc8 21. Nd5
Qxa4 22. Nxf6+ Nxf6 23. Qxd6 Rc6 24. Qd2 Bf8 25. c3 Rec8 26. Bg5 Be7 27. Bxf6
Rxf6 28. Ra1 Qc6 29. Qd7 Bf8 30. b5 Qxd7 31. Rxd7 Rxc3 32. Rxb7 axb5 33. Rxb5
Bc5 34. Ra2 Bd4 35. g4 g5 36. Kf1 Rc1+ 1-0

[Event "Olimpiada Calviá 2004"]
[Site "Calviá ESP"]
[Date "2004.10.19"]
[Round "5.55"]
[White "Abela, Daniel"]
[Black "Dos Ramos, Ricardo"]
[Result "1-0"]
[WhiteElo "2088"]
[BlackElo "2203"]
[PlyCount "127"]
[EventDate "2004.10.15"]
[EventType "team"]
[EventRounds "14"]
[EventCountry "ESP"]
[Source "lmi"]
[SourceDate "2004.10.27"]

1. e4 d6 2. d4 Nf6 3. Nc3 g6 4. Nf3 Bg7 5. h3 O-O 6. Be3 c6 7. Qd2 Qc7 8. Bh6
Nbd7 9. h4 Bxh6 10. Qxh6 Ng4 11. Qg5 Ndf6 12. Qd2 e5 13. O-O-O b5 14. Bd3 Bd7
15. Rdf1 b4 16. Nd1 c5 17. dxc5 dxc5 18. Qe2 a5 19. Nd2 Nh5 20. Bc4 Ngf6 21.
Ne3 Nf4 22. Qf3 Kg7 23. g4 Be6 24. h5 a4 25. h6+ Kg8 26. g5 Ne8 27. Nd5 Bxd5
28. exd5 Nd6 29. Re1 Nf5 30. Ne4 Nd4 31. Nf6+ Kh8 32. Qe4 b3 33. cxb3 axb3 34.
a3 Ra4 35. Bb5 Nde2+ 36. Rxe2 Rxe4 37. Rxe4 Rd8 38. Rd1 Qd6 39. a4 Nh3 40. Re3
Nxg5 41. Ne8 Rxe8 42. Bxe8 c4 43. Bb5 f5 44. Rc3 Nf7 45. Rxc4 Nxh6 46. Rc6 Qb4
47. d6 Qf4+ 48. Kb1 Qe4+ 49. Ka1 Nf7 50. d7 Nd8 51. Rc8 Qh4 52. Rdc1 Kg7 53.
Bc4 e4 54. Bxb3 f4 55. Bc4 e3 56. fxe3 fxe3 57. Bb5 e2 58. Bxe2 Qxa4+ 59. Kb1
Qe4+ 60. R1c2 Qh1+ 61. Ka2 Qd5+ 62. b3 Qa5+ 63. Kb1 Kf7 64. Rxd8 1-0

[Event "Olimpiada Calviá 2004"]
[Site "Calviá ESP"]
[Date "2004.10.19"]
[Round "5.56"]
[White "Olape, Bunmi"]
[Black "Hawes, Jonathan"]
[Result "1/2-1/2"]
[WhiteElo "2304"]
[BlackElo "2151"]
[PlyCount "88"]
[EventDate "2004.10.15"]
[EventType "team"]
[EventRounds "14"]
[EventCountry "ESP"]
[Source "lmi"]
[SourceDate "2004.10.27"]

1. e4 e6 2. d4 d5 3. Nd2 Nf6 4. e5 Nfd7 5. Bd3 c5 6. c3 Nc6 7. Ne2 cxd4 8. cxd4
f6 9. exf6 Nxf6 10. O-O Bd6 11. Nf3 Qc7 12. Nc3 a6 13. Bg5 O-O 14. Rc1 Bd7 15.
Re1 Rae8 16. Bb1 g6 17. h3 Qb8 18. Na4 b6 19. Re3 Na5 20. Bh6 Rf7 21. Ng5 Rfe7
22. Rf3 Nh5 23. Nc3 Bf4 24. Rc2 Nc4 25. Re2 b5 26. b3 Na3 27. Bd3 Qc7 28. Qe1
Qd6 29. g3 Bxg5 30. Bxg5 Rf7 31. Rxf7 Kxf7 32. Re3 b4 33. Nb1 Nxb1 34. Qxb1 e5
35. g4 e4 36. gxh5 exd3 37. Qxd3 Rxe3 38. Qxe3 Qe6 39. Qd2 Qxh3 40. Bf4 Qg4+
41. Bg3 gxh5 42. Qh6 Bf5 43. Kh2 Qh3+ 44. Kg1 Qg4 1/2-1/2

[Event "Olimpiada Calviá 2004"]
[Site "Calviá ESP"]
[Date "2004.10.19"]
[Round "5.56"]
[White "Adedeji Olatunji, Adekola"]
[Black "Wojciechowski, Paul"]
[Result "1-0"]
[WhiteElo "2093"]
[BlackElo "2146"]
[PlyCount "99"]
[EventDate "2004.10.15"]
[EventType "team"]
[EventRounds "14"]
[EventCountry "ESP"]
[Source "lmi"]
[SourceDate "2004.10.27"]

1. e4 c5 2. Nf3 d6 3. d4 cxd4 4. Nxd4 Nf6 5. Nc3 a6 6. Be2 e5 7. Nb3 Be7 8. Be3
Be6 9. O-O O-O 10. a4 d5 11. exd5 Nxd5 12. Nxd5 Bxd5 13. Nc5 Bc6 14. Bf3 Qc7
15. Bxc6 Nxc6 16. c3 Rfd8 17. Qg4 Bxc5 18. Bxc5 Rd5 19. Be3 Ne7 20. a5 Rxa5 21.
Rxa5 Qxa5 22. Qd7 Qd8 23. Qxb7 Rb8 24. Qxa6 Rxb2 25. Qa3 Rb7 26. c4 h6 27. h3
Rd7 28. Qa6 Rd1 29. Rxd1 Qxd1+ 30. Kh2 Qd7 31. Qb5 Nc6 32. Qd5 Qxd5 33. cxd5
Nb8 34. Bc5 Nd7 35. Bb4 f5 36. Kg3 Kf7 37. Kf3 Nf6 38. Bd6 Nxd5 39. Bxe5 g6 40.
h4 h5 41. Bd4 Ke6 42. g3 Kf7 43. Be3 Nxe3 44. Kxe3 Kg7 45. Kd4 Kf7 46. Ke5 Kg7
47. Ke6 Kh7 48. Kf7 Kh6 49. Kg8 g5 50. Kf7 1-0

[Event "Olimpiada Calviá 2004"]
[Site "Calviá ESP"]
[Date "2004.10.19"]
[Round "5.57"]
[White "Digesh, Shanker Malla"]
[Black "Gentilleau, Jean-Philippe"]
[Result "1/2-1/2"]
[WhiteElo "2253"]
[BlackElo "2256"]
[PlyCount "37"]
[EventDate "2004.10.15"]
[EventType "team"]
[EventRounds "14"]
[EventCountry "ESP"]
[Source "lmi"]
[SourceDate "2004.10.27"]

1. e4 c5 2. Nf3 d6 3. d4 cxd4 4. Nxd4 Nf6 5. Nc3 Nc6 6. Be2 e5 7. Nf3 Be7 8.
O-O h6 9. h3 O-O 10. b3 Be6 11. Bb2 a6 12. Re1 b5 13. Bf1 Nb8 14. Nd2 Nbd7 15.
Ne2 Qc7 16. Ng3 Nc5 17. c4 b4 18. Be2 a5 19. Qc2 1/2-1/2

[Event "Olimpiada Calviá 2004"]
[Site "Calviá ESP"]
[Date "2004.10.19"]
[Round "5.57"]
[White "Surbir, Lama"]
[Black "Lebel-Arias, Julia"]
[Result "1-0"]
[WhiteElo "2112"]
[BlackElo "1986"]
[PlyCount "133"]
[EventDate "2004.10.15"]
[EventType "team"]
[EventRounds "14"]
[EventCountry "ESP"]
[Source "lmi"]
[SourceDate "2004.10.27"]

1. e4 Nf6 2. Nc3 d5 3. exd5 Nxd5 4. d4 c6 5. Nf3 g6 6. Bd3 Bg7 7. O-O O-O 8. h3
Nd7 9. Nxd5 cxd5 10. c3 Nb6 11. Re1 e6 12. Bf4 Bd7 13. Qb3 Bc6 14. a4 Nd7 15.
a5 Rc8 16. Qd1 a6 17. Qd2 Re8 18. Bg5 f6 19. Bh6 e5 20. Bxg7 Kxg7 21. dxe5 fxe5
22. Nh2 Nf6 23. Qg5 e4 24. Bf1 Qc7 25. Be2 Qe5 26. Qe3 Rcd8 27. Rad1 h5 28. Rd4
Nd7 29. b4 Nf8 30. Red1 Ne6 31. R4d2 Rd7 32. Nf3 Qf4 33. Qxf4 Nxf4 34. Nd4 e3
35. Rb2 exf2+ 36. Kxf2 Nxe2 37. Rxe2 Rf7+ 38. Kg3 Rxe2 39. Nxe2 Re7 40. Kf2 Bb5
41. Nd4 Rf7+ 42. Ke3 Re7+ 43. Kd2 Bc4 44. Re1 Rxe1 45. Kxe1 Kf6 46. Kf2 Ke5 47.
Ke3 Bf1 48. Nf3+ Kf5 49. g4+ hxg4 50. hxg4+ Kf6 51. Kf4 Bd3 52. g5+ Ke6 53.
Nd4+ Kd6 54. Nb3 Bf5 55. Nc5 Bc8 56. Nd3 Bf5 57. Ne5 Bd7 58. Ng4 Bb5 59. Ke3
Ke6 60. Kd4 Kf5 61. Ne3+ Kxg5 62. Nxd5 Kh4 63. c4 Ba4 64. Kc5 g5 65. b5 axb5
66. cxb5 g4 67. a6 1-0

[Event "Olimpiada Calviá 2004"]
[Site "Calviá ESP"]
[Date "2004.10.19"]
[Round "5.58"]
[White "Munanira, Isaac"]
[Black "Kumar, Manoj"]
[Result "1-0"]
[WhiteElo "2200"]
[BlackElo "2036"]
[PlyCount "99"]
[EventDate "2004.10.15"]
[EventType "team"]
[EventRounds "14"]
[EventCountry "ESP"]
[Source "lmi"]
[SourceDate "2004.10.27"]

1. d4 Nf6 2. Nf3 e6 3. c4 b6 4. a3 Bb7 5. Nc3 d5 6. cxd5 Nxd5 7. Qc2 Nxc3 8.
bxc3 Nd7 9. e4 c5 10. Bd3 Be7 11. O-O O-O 12. e5 h6 13. Qe2 Re8 14. Bb2 Qc7 15.
Rac1 Red8 16. h3 Rac8 17. Rcd1 Nb8 18. Nd2 Nc6 19. Qe4 g6 20. Qe3 Bf8 21. Ne4
Bg7 22. Nf6+ Kh8 23. h4 Ne7 24. h5 Nf5 25. Bxf5 exf5 26. hxg6 fxg6 27. Bc1 cxd4
28. cxd4 Qc3 29. Rd3 Qc4 30. Qh3 h5 31. Rg3 Qf7 32. Qh4 Bxf6 33. exf6 Bd5 34.
Qg5 Rg8 35. Bf4 Qh7 36. f7 Qxf7 37. Qh6+ Qh7 38. Be5+ Rg7 39. Bxg7+ Kg8 40.
Qxh7+ Kxh7 41. Be5 h4 42. Re3 g5 43. Bd6 Kg6 44. Re5 Bc4 45. Rc1 b5 46. a4 Rd8
47. axb5 Bxb5 48. Rxb5 Rxd6 49. d5 Kf6 50. Rc6 1-0

[Event "Olimpiada Calviá 2004"]
[Site "Calviá ESP"]
[Date "2004.10.19"]
[Round "5.58"]
[White "Prasad, Calvin"]
[Black "Kantinti, Shadrack"]
[Result "0-1"]
[WhiteElo "1803"]
[BlackElo "2188"]
[PlyCount "68"]
[EventDate "2004.10.15"]
[EventType "team"]
[EventRounds "14"]
[EventCountry "ESP"]
[Source "lmi"]
[SourceDate "2004.10.27"]

1. d4 Nf6 2. c4 e6 3. Nf3 b6 4. a3 Ba6 5. Qc2 d5 6. e3 Nbd7 7. b3 c5 8. Nbd2
Rc8 9. Bd3 Bd6 10. O-O O-O 11. Bb2 Bb8 12. Rac1 Re8 13. Ne5 h6 14. Qd1 cxd4 15.
Nxd7 Qxd7 16. Bxd4 e5 17. Bb2 dxc4 18. Bxc4 b5 19. Be2 Rcd8 20. Rc2 Bb7 21. Bf3
e4 22. Be2 Qd6 23. g3 a6 24. b4 Nh7 25. Qa1 Qg6 26. h4 Bxg3 27. fxg3 Qxg3+ 28.
Kh1 Qh3+ 29. Kg1 Qg3+ 30. Kh1 Qxh4+ 31. Kg2 Rd5 32. Rg1 Rg5+ 33. Kf1 Qh3+ 34.
Kf2 Qh2+ 0-1

[Event "Olimpiada Calviá 2004"]
[Site "Calviá ESP"]
[Date "2004.10.19"]
[Round "5.61"]
[White "Zahiruddin, Asefi"]
[Black "Mannhart, Marcel"]
[Result "0-1"]
[WhiteElo "2064"]
[BlackElo "2191"]
[PlyCount "112"]
[EventDate "2004.10.15"]
[EventType "team"]
[EventRounds "14"]
[EventCountry "ESP"]
[Source "lmi"]
[SourceDate "2004.10.27"]

1. d4 g6 2. c4 Bg7 3. Nc3 d6 4. e4 Nd7 5. Nf3 c6 6. Be2 e5 7. O-O Nh6 8. d5 c5
9. Nb5 Nb8 10. Bd2 f6 11. b4 b6 12. bxc5 bxc5 13. Qa4 O-O 14. Ba5 Qd7 15. Qc2
Na6 16. h3 Nf7 17. Nh4 Qe7 18. g4 f5 19. Ng2 fxg4 20. hxg4 Ng5 21. f3 Nh3+ 22.
Kh2 Nf4 23. Rh1 h5 24. Be1 Qf6 25. Rb1 Bh6 26. Bh4 Bg5 27. Bxg5 Qxg5 28. Rb3
Rf6 29. Qd2 hxg4 30. fxg4 Kg7 31. Rg3 Bd7 32. Nxf4 exf4 33. Rh3 Rh8 34. Rxh8
Kxh8 35. Kg1+ Kg8 36. Bf3 Qe5 37. Kg2 Rf7 38. Nc3 Rh7 39. Rxh7 Kxh7 40. Ne2 g5
41. a3 Nc7 42. Qa5 Ne8 43. Qxa7 Nf6 44. a4 Kg6 45. Kh3 Qa1 46. Qb6 Qf1+ 47. Bg2
Bxg4+ 48. Kh2 Qxe2 49. Qb1 Kh6 50. Kg1 Qe3+ 51. Kh1 f3 52. Bf1 f2 53. Qb8 Qxe4+
54. Kh2 Qf4+ 55. Kg2 Bf3+ 56. Kxf2 Ne4+ 0-1

[Event "Olimpiada Calviá 2004"]
[Site "Calviá ESP"]
[Date "2004.10.19"]
[Round "5.63"]
[White "Dekker, Marvin"]
[Black "Hoareau, Benjamin"]
[Result "1-0"]
[WhiteElo "2133"]
[BlackElo "2200"]
[PlyCount "59"]
[EventDate "2004.10.15"]
[EventType "team"]
[EventRounds "14"]
[EventCountry "ESP"]
[Source "lmi"]
[SourceDate "2004.10.27"]

1. g4 b6 2. Bg2 Nc6 3. d4 Bb7 4. Bf4 e6 5. Nf3 Nf6 6. Ne5 Be7 7. c4 d5 8. Qa4
O-O 9. Nxc6 Qd7 10. Nxe7+ Qxe7 11. Bg5 h6 12. Bxf6 Qxf6 13. e3 Rfd8 14. Nc3 c6
15. cxd5 exd5 16. Qc2 Rac8 17. Qf5 Qe7 18. h4 g6 19. Qf4 Kg7 20. g5 h5 21. Bh3
Rc7 22. Rc1 a6 23. Ne2 c5 24. b4 c4 25. Nc3 Bc8 26. Bxc8 Rcxc8 27. Ke2 b5 28.
Rhd1 Rc6 29. Qe5+ Qxe5 30. dxe5 1-0

[Event "Olimpiada Calviá 2004"]
[Site "Calviá ESP"]
[Date "2004.10.19"]
[Round "5.64"]
[White "Doghri, Nabil"]
[Black "Berlinsky, Vladimir"]
[Result "1-0"]
[WhiteElo "2309"]
[BlackElo "2347"]
[PlyCount "49"]
[EventDate "2004.10.15"]
[EventType "team"]
[EventRounds "14"]
[EventCountry "ESP"]
[Source "lmi"]
[SourceDate "2004.10.27"]

1. e4 c5 2. Nf3 d6 3. d4 cxd4 4. Nxd4 Nf6 5. Nc3 a6 6. Bc4 e6 7. Bb3 b5 8. Qf3
Bb7 9. O-O b4 10. Ba4+ Nbd7 11. Nd5 exd5 12. exd5 Bxd5 13. Re1+ Be7 14. Qg3 g6
15. Qxd6 Be6 16. Rxe6 fxe6 17. Qxe6 Qc7 18. Bg5 Qd6 19. Qxd6 Bxd6 20. Bxf6 Rf8
21. Bg5 Rf7 22. Re1+ Kf8 23. Bh6+ Kg8 24. Bb3 Rc8 25. Nf3 1-0

[Event "Olimpiada Calviá 2004"]
[Site "Calviá ESP"]
[Date "2004.10.19"]
[Round "5.64"]
[White "Dukaczewski, Piotr"]
[Black "Chikhaoui, Walid"]
[Result "0-1"]
[WhiteElo "2366"]
[BlackElo "2324"]
[PlyCount "76"]
[EventDate "2004.10.15"]
[EventType "team"]
[EventRounds "14"]
[EventCountry "ESP"]
[Source "lmi"]
[SourceDate "2004.10.27"]

1. e4 c5 2. Nf3 e6 3. d4 cxd4 4. Nxd4 a6 5. Bd3 Bc5 6. Nb3 Ba7 7. Qe2 Nc6 8.
O-O Nge7 9. Kh1 O-O 10. f4 f5 11. e5 d5 12. exd6 Qxd6 13. N1d2 Nd5 14. Nc4 Qc7
15. Bd2 b5 16. Nca5 Nxa5 17. Bxa5 Qe7 18. c4 Ne3 19. Rf3 Ng4 20. Be1 Bb7 21.
cxb5 axb5 22. Rh3 Rf6 23. Nd2 Qd6 24. Nf3 Qxf4 25. Rh4 Rd8 26. Bg3 Qe3 27. Qxe3
Nxe3 28. Be2 g5 29. Be5 Rg6 30. Rb4 Nc2 31. Rxb5 Bxf3 32. gxf3 Nxa1 33. a4 Nc2
34. a5 Nd4 35. Rb7 Nxe2 36. Rxa7 g4 37. Kg2 Nd4 38. fxg4 Nc6 0-1